000 00930nam a2200241 i 4500
001 bg
100 1 _aMICHAŁOWSKI, Tadeusz
245 1 0 _aObliczenia w chemii analitycznej z elementami programowania komputerowego :
_bpodręcznik dla studentów wyższych szkół technicznych /
_cTadeusz Michałowski ; Politechnika Krakowska im. Tadeusza Kościuszki. Wydział Inżynierii i Technologii Chemicznej.
260 _aKraków :
_bPK,
_c2001.
300 _a301, [1] s. ;
_c24 cm.
504 _aBibliogr.
650 9 _aChemia analityczna
650 9 _aProgramy komputerowe
_xstosowanie
_xchemia
655 _aPodręczniki akademickie
710 0 _aPolitechnika Krakowska im. Tadeusza Kościuszki
_bWydział Inżynierii i Technologii Chemicznej
020 _a8372421730
040 _cBPK
041 0 _apl
080 _a543(075.8)::004.42
920 _a83-7242-173-0
942 _cKS
008 s pl f |000 0 pol
999 _c40596
_d40596
856 _uhttp://koha.tu.koszalin.pl/cgi-bin/koha/opac-detail.pl?biblionumber=40596
_yKatalog online BPK